| 000 | 00778nam a2200301 a 4500 | ||
|---|---|---|---|
| 003 | AR-BaBNM | ||
| 005 | 20251128203817.0 | ||
| 008 | 082120s2002 ||||||||||||||000 | spa|| | ||
| 040 | _cAR-BaBNM | ||
| 100 | 1 | _aNougier, H. | |
| 245 | 0 | 0 | _aEnseñanza de la geografía |
| 260 |
_aBuenos Aires _bRuy Díaz _c1968 |
||
| 300 | _a146 p. | ||
| 650 | 4 | _aENSEÑANZA DE LA GEOGRAFIA | |
| 650 | 4 | _aMETODOS DE ENSEÑANZA | |
| 650 | 4 | _aGEOGRAFIA | |
| 650 | 4 | _aGEOGRAFIA FISICA | |
| 650 | 4 | _aGEOGRAFIA CULTURAL | |
| 650 | 4 | _aGEOGRAFIA HUMANA | |
| 650 | 4 | _aEXPLORACION GEOGRAFICA | |
| 650 | 4 | _aINVESTIGACION GEOGRAFICA | |
| 651 | 4 | _aFrancia | |
| 653 | _aEDUCACION PRIMARIA | ||
| 653 | _aEDUCACION SECUNDARIA | ||
| 700 | 1 | _aNouguier, L.R. | |
| 942 | _cBK | ||
| 998 | _cSILVI | ||
| 999 |
_c5007 _d5007 |
||